000 00645nam a2200229 a 4500
999 _c11723
_d11723
001 11723
003 BD-JhCC
005 20220307134020.0
008 200809r20122013xxua|||| ||a| 001 0 eng d
020 _a9789382563228
035 _a(BD-JhCC)11723
040 _aBD-JhCC
_dBD-JhCC
041 _aeng
082 _a741.5
_bWEI 2013
100 _aWeis, Rene
245 _aRomeo And Juliet /
_cRene Weis .
260 _aIndia:
_bBloomsbury;
_c2013.
300 _a451 p. :
_bill;
_c20 cm.
650 _aRomeo and Juliet (Shakespeare, William)
_xRomeo (Fictitious character)
_zJuliet (Fictitious character)
942 _2ddc
_cBK
_02